Implementácia genetických algoritmov

Salvato in:
Dettagli Bibliografici
Autore principale: Hvozdík, Milan (Autore)
Altri autori: Sekaj, Ivan (Relatore della tesi)
Natura: Manoscritto Libro
Lingua:slovacco
Pubblicazione: 2017
Soggetti:
Accesso online:http://is.stuba.sk/zp/portal_zp.pl?podrobnosti=116026
Tags: Aggiungi Tag
Nessun Tag, puoi essere il primo ad aggiungerne!!

MARC

LEADER 00000ntm a22000003a 4500
001 stuzp60363
003 SK-STU
005 20170728105911.5
007 ta
008 150427s2015----xo-----f-mn---000-0-slo-d
040 |a STU  |b slo 
041 0 |a slo 
044 |a xo 
100 1 |a Hvozdík, Milan  |u 035000  |4 aut  |U FEI Fakulta elektrotechniky a informatiky  |T FEI Ústav informatiky a matematiky  |X 74701  |U E050  |Y 816  |7 74701 
242 0 1 |a Implementation of genetic algorithms  |y eng 
245 1 0 |a Implementácia genetických algoritmov 
260 |c 2017 
300 |a 36 s., príl.,  |b CD-ROM 
650 4 |a genetické algoritmy  |2 slo 
650 4 |a paralelné genetické algoritmy  |2 slo 
650 4 |a paralelizácia  |2 slo 
650 4 |a Java  |2 slo 
650 4 |a Matlab  |2 slo 
650 4 |a parallel genetic algorithms  |2 eng 
650 4 |a parallelization  |2 eng 
650 4 |a Java  |2 eng 
650 4 |a Matlab  |2 eng 
650 4 |a genetic algorithms  |2 eng 
700 1 |a Sekaj, Ivan  |u 031000  |k Z1  |4 ths  |U FEI Fakulta elektrotechniky a informatiky  |T FEI Ústav robotiky a kybernetiky  |X 4946  |U E011  |Y 356  |7 A000004946 
856 4 |u http://is.stuba.sk/zp/portal_zp.pl?podrobnosti=116026 
996 |b 284ER02524  |c E*Bc- 2524  |l EE35  |s P  |a 0  |w stuzp60363_0001